| 000 | 00656nam a22001937a 4500 | ||
|---|---|---|---|
| 999 |
_c182562 _d182562 |
||
| 005 | 20211122172621.0 | ||
| 010 | _aUR-11338 | ||
| 020 |
_c300.00 _a9789390100750 |
||
| 035 | _aU-9893 | ||
| 037 | _bDBAD/PUB | ||
| 082 | _a844.08 | ||
| 100 | _aمشتا ق ا حمد و ا نی | ||
| 245 |
_aنئ تنقيد ی معنو يت _cمشتا ق ا حمد و ا نی |
||
| 246 |
_aNai Tanqeedi Manwiat (Urdu) _bby Mushtaq Ahmed Wani |
||
| 260 |
_aN.Delhi _c2020 ء _bEducational Publishing House |
||
| 270 |
_aD1/16,Ansari Road,Darya Ganj, _bNew Delhi _e110002 _l - |
||
| 300 |
_a112 ص _c22 Cm(Hb) |
||
| 942 |
_2ddc _cUR _h844.08 _mو ا ن |
||